North and South American Icons FC25 - Statistics

General Stats
  • This quiz has been taken 25 times
  • The average score is 14 of 20
Answer Stats
Position OVR Country Answer % Correct
CAM 95 Brazil Pele
100%
ST 94 Brazil Ronaldo
100%
LW 93 Brazil Ronaldinho
91%
RB 91 Brazil Cafu
87%
RW 92 Brazil Garrincha
78%
LB 90 Brazil Roberto Carlos
78%
RB 91 Brazil Carlos Alberto
74%
CAM 91 Brazil Zico
74%
ST 86 Argentina Crespo
70%
ST 93 USA Hamm
70%
CAM 88 Argentina Riquelme
70%
ST 89 Mexico Sanchez
70%
RB 89 Argentina Zanetti
70%
RW 89 Brazil Jairzinho
65%
LW 90 Brazil Rivaldo
65%
ST 86 Mexico Hernandez
61%
CAM 89 Brazil kaka
57%
CM 86 Argentina Veron
57%
CAM 89 Brazil socrates
52%
CM 90 USA Foudy
48%
No matching quizzes found
Score Distribution
Percent of People with Each Score
Percentile by Number Answered
Your Score History
You have not taken this quiz